ბათუმის შოთა რუსთაველის სახელმწიფო უნივერსიტეტის ბიბლიოთეკა

საქართველოს მცენარეული საფარის ისტორია (ბიბ.ჩანაწერი № 36640)

000 -LEADER
fixed length control field 00670nam a2200205Ia 4500
001 - CONTROL NUMBER
control field 2560
003 - CONTROL NUMBER IDENTIFIER
control field GE_BSU
008 - FIXED-LENGTH DATA ELEMENTS--GENERAL INFORMATION
fixed length control field 181216s||||||||xx |||||||||||||| ||und||
020 ## - INTERNATIONAL STANDARD BOOK NUMBER
International Standard Book Number 9992802820
040 ## - CATALOGING SOURCE
Transcribing agency GE_BSU
080 ## - UNIVERSAL DECIMAL CLASSIFICATION NUMBER
Universal Decimal Classification number 581.9(479.22)
100 ## - MAIN ENTRY--PERSONAL NAME
Personal name ქვაჩაკიძე, რევაზ.
245 ## - TITLE STATEMENT
Title საქართველოს მცენარეული საფარის ისტორია
260 ## - PUBLICATION, DISTRIBUTION, ETC.
Place of publication, distribution, etc. თბილისი
260 ## - PUBLICATION, DISTRIBUTION, ETC.
Date of publication, distribution, etc. 2002
300 ## - PHYSICAL DESCRIPTION
Extent 44 გვ.
653 ## - INDEX TERM--UNCONTROLLED
Uncontrolled term საქართველოს მცენარეული საფარის ისტორია
942 ## - ADDED ENTRY ELEMENTS (KOHA)
Koha item type წიგნი

არაა ხელმისაწვდომი ეგზემპლარები.